Welcome to the Holygrace Academy Library

Please use search bar below to get started

THE FAMOUS FIVE (Record no. 175)

MARC details
000 -LEADER
fixed length control field 00335nam a22001337a 4500
020 ## - INTERNATIONAL STANDARD BOOK NUMBER
ISBN 0-340-54876-2
082 ## - DEWEY DECIMAL CLASSIFICATION NUMBER
Classification number 823
Item number BLY/F
100 ## - MAIN ENTRY--AUTHOR NAME
Personal name ENID BLYTON
245 ## - TITLE STATEMENT
Title THE FAMOUS FIVE
Remainder of title FIVE GO ADVENTURING AGAIN
260 ## - PUBLICATION, DISTRIBUTION, ETC. (IMPRINT)
Place of publication GREAT BRITAIN
Name of publisher HODDER CHILDRENS BOOK
Year of publication 1942
300 ## - PHYSICAL DESCRIPTION
Number of Pages 156
650 ## - SUBJECT ADDED ENTRY--TOPICAL TERM
Topical Term ADVENTURE
Geographic subdivision UNITED KINGDOM
942 ## - ADDED ENTRY ELEMENTS (KOHA)
Koha item type Books
Holdings
Withdrawn status Lost status Collection code Home library Current library Shelving location Date acquired Source of acquisition Cost, normal purchase price Full call number Accession Number Koha item type
    Fiction Main Library Main Library SHELF-12D-ENID BLYTON FAMOUS FIVE 08/03/2002 PURCHASED 125.00 823 BLY/F 00047 Books
    Fiction Main Library Main Library SHELF-12D-ENID BLYTON FAMOUS FIVE 08/03/2002 PURCHASED 115.00 823 BLY/F 00049 Books
    Fiction Main Library Main Library SHELF-12D-ENID BLYTON FAMOUS FIVE 02/03/2002 purchase   823 BLY/F 00048 Books